[Event "ewcc-2015"]
[Site "Chakvi. Adjara"]
[Date "2015.05.22"]
[Round "4.22"]
[White "Abdulla, Khayala"]
[Black "Ziaziulkina, Nastassia"]
[Result "1-0"]
[LiveChessVersion "1.3.1"]
[BlackElo "2423"]
[WhiteElo "2266"]

1. e4 {[%clk 1:30:55]} c5 {[%clk 1:30:57]} 2. Nf3 {[%clk 1:31:14]} d6
{[%clk 1:31:22]} 3. d4 {[%clk 1:31:38]} cxd4 {[%clk 1:31:48]} 4. Nxd4
{[%clk 1:32:04]} Nf6 {[%clk 1:32:15]} 5. Nc3 {[%clk 1:32:24]} a6 {[%clk 1:32:40]}
6. Be2 {[%clk 1:32:37]} e6 {[%clk 1:33:02]} 7. O-O {[%clk 1:32:43]} Be7
{[%clk 1:33:28]} 8. f4 {[%clk 1:32:35]} O-O {[%clk 1:33:26]} 9. Kh1
{[%clk 1:32:51]} Qc7 {[%clk 1:29:55]} 10. a4 {[%clk 1:32:13]} Nc6
{[%clk 1:29:52]} 11. Be3 {[%clk 1:31:57]} Re8 {[%clk 1:30:09]} 12. Bf3
{[%clk 1:29:53]} Rb8 {[%clk 1:30:32]} 13. Qd2 {[%clk 1:30:11]} Bd7
{[%clk 1:28:40]} 14. Nb3 {[%clk 1:28:29]} b6 {[%clk 1:28:35]} 15. Qf2
{[%clk 1:23:28]} Bc8 {[%clk 1:26:23]} 16. e5 {[%clk 1:18:41]} Nd7
{[%clk 1:24:19]} 17. exd6 {[%clk 1:11:03]} Bxd6 {[%clk 1:24:26]} 18. Ne4
{[%clk 1:10:37]} Be7 {[%clk 1:22:22]} 19. c3 {[%clk 1:09:18]} Nf6
{[%clk 1:14:20]} 20. Nxf6+ {[%clk 1:03:23]} Bxf6 {[%clk 1:14:43]} 21. Nd2
{[%clk 1:03:29]} b5 {[%clk 1:07:16]} 22. Ne4 {[%clk 1:00:11]} Be7
{[%clk 1:07:32]} 23. axb5 {[%clk 0:58:28]} axb5 {[%clk 1:06:52]} 24. b4
{[%clk 0:53:58]} Bd7 {[%clk 1:00:06]} 25. Be2 {[%clk 0:46:46]} Bc8
{[%clk 0:46:22]} 26. Bc5 {[%clk 0:43:58]} Rd8 {[%clk 0:36:14]} 27. Rad1
{[%clk 0:41:38]} Rd5 {[%clk 0:32:57]} 28. Qg3 {[%clk 0:36:33]} Bb7
{[%clk 0:26:26]} 29. Bxb5 {[%clk 0:28:57]} Nxb4 {[%clk 0:19:41]} 30. Bxb4
{[%clk 0:14:43]} Rxd1 {[%clk 0:13:24]} 31. Rxd1 {[%clk 0:15:04]} Bxe4
{[%clk 0:13:47]} 32. Bxe7 {[%clk 0:09:57]} Qxe7 {[%clk 0:14:12]} 33. c4
{[%clk 0:08:45]} Rd8 {[%clk 0:12:10]} 34. Qe1 {[%clk 0:06:57]} Rxd1
{[%clk 0:11:47]} 35. Qxd1 {[%clk 0:07:26]} h6 {[%clk 0:12:12]} 36. Qg4
{[%clk 0:02:52]} Qb4 {[%clk 0:09:08]} 37. h3 {[%clk 0:01:24]} Bd3
{[%clk 0:07:16]} 38. Qf3 {[%clk 0:01:38]} Qe1+ {[%clk 0:06:28]} 39. Kh2
{[%clk 0:02:07]} Be4 {[%clk 0:06:47]} 40. Qg3 {[%clk 0:31:25]} Qe2
{[%clk 0:33:30]} 41. Kg1 {[%clk 0:27:01]} Qd1+ {[%clk 0:30:49]} 42. Kh2
{[%clk 0:27:10]} Qf1 {[%clk 0:29:46]} 43. h4 {[%clk 0:22:54]} Qe2
{[%clk 0:22:15]} 44. Kg1 {[%clk 0:22:19]} Qd1+ {[%clk 0:22:01]} 45. Kh2
{[%clk 0:22:32]} Qc2 {[%clk 0:21:57]} 46. Qg4 {[%clk 0:18:35]} Qf2
{[%clk 0:13:54]} 47. Qg3 {[%clk 0:18:23]} Qd4 {[%clk 0:13:46]} 48. Qe1
{[%clk 0:17:37]} Kh8 {[%clk 0:07:45]} 49. Qe2 {[%clk 0:15:40]} f5
{[%clk 0:05:23]} 50. Kg3 {[%clk 0:10:28]} Qc3+ {[%clk 0:03:36]} 51. Kh2
{[%clk 0:10:38]} Qd4 {[%clk 0:01:51]} 52. Kg3 {[%clk 0:11:01]} e5
{[%clk 0:01:30]} 53. Qf2 {[%clk 0:06:39]} exf4+ {[%clk 0:01:14]} 54. Qxf4
{[%clk 0:06:55]} Qb2 {[%clk 0:00:44]} 55. Qf1 {[%clk 0:05:55]} f4+
{[%clk 0:00:46]} 56. Kh2 {[%clk 0:03:02]} f3 {[%clk 0:00:49]} 57. Bd7
{[%clk 0:02:19]} Qe5+ {[%clk 0:00:39]} 58. g3 {[%clk 0:02:30]} Qd4
{[%clk 0:00:54]} 59. Bg4 {[%clk 0:02:20]} f2 {[%clk 0:00:42]} 60. Be2
{[%clk 0:01:47]} Qe3 {[%clk 0:00:36]} 61. Qd1 {[%clk 0:01:31]} Kh7
{[%clk 0:00:52]} 62. Bf1 {[%clk 0:01:30]} Bf5 {[%clk 0:00:35]} 63. Qe2
{[%clk 0:01:29]} Qc5 {[%clk 0:00:48]} 64. Kg2 {[%clk 0:01:22]} Qc8
{[%clk 0:00:40]} 65. Kxf2 {[%clk 0:01:26]} Qc6 {[%clk 0:00:39]} 66. Qe5
{[%clk 0:01:20]} Be4 {[%clk 0:00:47]} 67. Ke3 {[%clk 0:01:22]} Bg6
{[%clk 0:00:54]} 68. Bd3 {[%clk 0:00:55]} Qb6+ {[%clk 0:00:41]} 69. c5
{[%clk 0:01:21]} Qb3 {[%clk 0:01:07]} 70. Qd6 {[%clk 0:01:39]} Bf5
{[%clk 0:01:05]} 71. g4 {[%clk 0:01:52]} Qc3 {[%clk 0:01:12]} 72. gxf5
{[%clk 0:02:13]} Qe1+ {[%clk 0:01:38]} 73. Ke4 1-0

[Event "ewcc-2015"]
[Site "Chakvi. Adjara"]
[Date "2015.05.22"]
[Round "4.34"]
[White "Gavasheli, Ana"]
[Black "Umudova, Nargiz"]
[Result "0-1"]
[LiveChessVersion "1.3.1"]
[BlackElo "2275"]
[WhiteElo "2122"]

1. d4 {[%clk 1:30:57]} Nf6 {[%clk 1:30:50]} 2. c4 {[%clk 1:31:21]} e6
{[%clk 1:31:08]} 3. Nc3 {[%clk 1:31:46]} Bb4 {[%clk 1:31:20]} 4. e3
{[%clk 1:32:10]} b6 {[%clk 1:29:31]} 5. Nge2 {[%clk 1:32:33]} c5 {[%clk 1:22:06]}
6. a3 {[%clk 1:32:56]} Ba5 {[%clk 1:22:01]} 7. Rb1 {[%clk 1:33:21]} Na6
{[%clk 1:18:40]} 8. g3 {[%clk 1:31:27]} Bb7 {[%clk 1:14:20]} 9. d5
{[%clk 1:31:50]} b5 {[%clk 1:05:46]} 10. Nf4 {[%clk 0:53:38]} g5 {[%clk 0:49:11]}
11. cxb5 {[%clk 0:38:10]} gxf4 {[%clk 0:40:09]} 12. bxa6 {[%clk 0:38:21]} Bxd5
{[%clk 0:40:25]} 13. f3 {[%clk 0:35:35]} fxg3 {[%clk 0:38:34]} 14. hxg3
{[%clk 0:35:46]} Qb8 {[%clk 0:38:10]} 15. Kd2 {[%clk 0:27:05]} Qxg3
{[%clk 0:26:49]} 16. Rh3 {[%clk 0:27:07]} Qe5 {[%clk 0:25:42]} 17. Qa4
{[%clk 0:23:37]} Bb6 {[%clk 0:24:10]} 18. e4 {[%clk 0:20:12]} Bc6
{[%clk 0:23:57]} 19. Qd1 {[%clk 0:15:41]} d5 {[%clk 0:21:35]} 20. exd5
{[%clk 0:15:48]} Nxd5 {[%clk 0:20:51]} 21. Nxd5 {[%clk 0:15:36]} O-O-O
{[%clk 0:20:21]} 22. Qe2 {[%clk 0:15:38]} Rxd5+ {[%clk 0:20:05]} 23. Ke1
{[%clk 0:15:49]} Qf5 {[%clk 0:19:32]} 0-1

[Event "ewcc-2015"]
[Site "Chakvi. Adjara"]
[Date "2015.05.23"]
[Round "5.13"]
[White "Socko, Monika"]
[Black "Lomineishvili, Maia"]
[Result "1-0"]
[LiveChessVersion "1.3.1"]
[BlackElo "2364"]
[WhiteElo "2467"]

1. d4 {[%clk 1:30:58]} Nf6 {[%clk 1:30:42]} 2. c4 {[%clk 1:31:25]} e6
{[%clk 1:31:03]} 3. Nf3 {[%clk 1:31:50]} Bb4+ {[%clk 1:31:12]} 4. Bd2
{[%clk 1:31:52]} Qe7 {[%clk 1:31:12]} 5. g3 {[%clk 1:31:23]} Bxd2+
{[%clk 1:31:14]} 6. Qxd2 {[%clk 1:31:07]} Nc6 {[%clk 1:30:53]} 7. Nc3
{[%clk 1:31:23]} d5 {[%clk 1:31:06]} 8. Bg2 {[%clk 1:30:47]} dxc4
{[%clk 1:31:09]} 9. Rd1 {[%clk 1:30:31]} O-O {[%clk 1:30:31]} 10. O-O
{[%clk 1:26:28]} Rd8 {[%clk 1:29:55]} 11. Qc1 {[%clk 1:18:15]} Rb8
{[%clk 1:27:30]} 12. Rfe1 {[%clk 1:06:01]} b5 {[%clk 1:18:27]} 13. e4
{[%clk 0:59:13]} Nb4 {[%clk 1:16:48]} 14. Bf1 {[%clk 0:59:18]} Bb7
{[%clk 1:00:14]} 15. Ne5 {[%clk 0:44:31]} c5 {[%clk 0:53:57]} 16. d5
{[%clk 0:32:16]} a6 {[%clk 0:53:06]} 17. a3 {[%clk 0:29:25]} Nd3 {[%clk 0:52:59]}
18. Nxd3 {[%clk 0:27:53]} cxd3 {[%clk 0:53:23]} 19. Bxd3 {[%clk 0:28:11]} exd5
{[%clk 0:37:23]} 20. exd5 {[%clk 0:28:33]} Qd7 {[%clk 0:37:22]} 21. Qf4
{[%clk 0:24:03]} Kf8 {[%clk 0:35:29]} 22. Re5 {[%clk 0:22:15]} Re8
{[%clk 0:33:04]} 23. Bf5 {[%clk 0:21:08]} Qd6 {[%clk 0:32:49]} 24. Rxe8+
{[%clk 0:19:46]} Nxe8 {[%clk 0:33:14]} 25. Ne4 {[%clk 0:17:01]} Qxf4
{[%clk 0:33:31]} 26. gxf4 {[%clk 0:17:30]} Rd8 {[%clk 0:27:08]} 27. Nxc5
{[%clk 0:16:46]} Rxd5 {[%clk 0:27:15]} 28. Rxd5 {[%clk 0:16:50]} Bxd5
{[%clk 0:27:40]} 29. Nxa6 {[%clk 0:17:18]} Nd6 {[%clk 0:27:17]} 30. Bd3
{[%clk 0:17:26]} Ke7 {[%clk 0:25:29]} 31. Kf1 {[%clk 0:16:57]} Bc4
{[%clk 0:17:57]} 32. Ke2 {[%clk 0:16:42]} Ke6 {[%clk 0:16:45]} 33. Nc7+
{[%clk 0:15:43]} Kd7 {[%clk 0:16:56]} 34. Na6 {[%clk 0:12:54]} Kc6
{[%clk 0:15:27]} 35. Ke3 {[%clk 0:13:04]} Kb6 {[%clk 0:12:10]} 36. Nb4
{[%clk 0:13:27]} Kc5 {[%clk 0:12:16]} 37. Nc2 {[%clk 0:13:44]} Bb3
{[%clk 0:04:00]} 38. Nd4 {[%clk 0:13:41]} Bc4 {[%clk 0:03:44]} 39. b3
{[%clk 0:10:23]} Bd5 {[%clk 0:02:08]} 40. b4+ {[%clk 0:39:18]} Kb6
{[%clk 0:32:33]} 41. Nf5 {[%clk 0:37:10]} Nxf5+ {[%clk 0:30:28]} 42. Bxf5
{[%clk 0:36:46]} h6 {[%clk 0:29:27]} 43. Kd4 {[%clk 0:36:37]} Bc6
{[%clk 0:18:57]} 44. Ke5 {[%clk 0:33:59]} Kc7 {[%clk 0:18:37]} 45. Be4
{[%clk 0:33:09]} Bd7 {[%clk 0:16:04]} 46. Kd5 {[%clk 0:33:10]} Bc6+
{[%clk 0:06:40]} 47. Kd4 {[%clk 0:32:30]} Bxe4 {[%clk 0:06:57]} 48. Kxe4
{[%clk 0:32:57]} Kd6 {[%clk 0:07:24]} 49. Kd4 {[%clk 0:32:45]} g5
{[%clk 0:07:07]} 50. fxg5 {[%clk 0:31:49]} hxg5 {[%clk 0:07:33]} 51. Kc3
{[%clk 0:32:15]} Kd5 {[%clk 0:07:36]} 52. Kb3 {[%clk 0:32:41]} Kc6
{[%clk 0:05:59]} 53. a4 {[%clk 0:33:08]} bxa4+ {[%clk 0:06:23]} 54. Kxa4
{[%clk 0:33:36]} Kb6 {[%clk 0:06:21]} 55. b5 {[%clk 0:33:53]} g4 {[%clk 0:06:33]}
56. Kb4 {[%clk 0:34:12]} f5 {[%clk 0:06:25]} 57. Kc4 {[%clk 0:34:37]} f4
{[%clk 0:06:44]} 58. Kb4 {[%clk 0:34:57]} Kb7 {[%clk 0:07:03]} 59. Kc5
{[%clk 0:35:04]} Kc7 {[%clk 0:07:29]} 60. Kd5 {[%clk 0:35:03]} Kb6
{[%clk 0:07:40]} 61. Ke5 {[%clk 0:35:22]} g3 {[%clk 0:07:51]} 62. hxg3
{[%clk 0:35:47]} fxg3 {[%clk 0:08:18]} 63. fxg3 {[%clk 0:36:14]} Kxb5
{[%clk 0:08:45]} 64. g4 {[%clk 0:36:36]} Kc6 {[%clk 0:09:04]} 65. Ke4 Kd5+ 1-0

[Event "ewcc-2015"]
[Site "Chakvi. Adjara"]
[Date "2015.05.23"]
[Round "5.28"]
[White "Yildiz, Betul Cemre"]
[Black "Zhorzholiani, Meri"]
[Result "1-0"]
[LiveChessVersion "1.3.1"]
[BlackElo "2071"]
[WhiteElo "2315"]

1. e4 {[%clk 1:30:54]} e6 {[%clk 1:30:45]} 2. d4 {[%clk 1:31:18]} d5
{[%clk 1:31:10]} 3. Nd2 {[%clk 1:31:32]} c5 {[%clk 1:31:24]} 4. exd5
{[%clk 1:31:56]} exd5 {[%clk 1:31:45]} 5. Bb5+ {[%clk 1:32:19]} Nc6
{[%clk 1:32:09]} 6. Ne2 {[%clk 1:32:15]} c4 {[%clk 1:28:40]} 7. b3
{[%clk 1:24:04]} cxb3 {[%clk 1:27:13]} 8. axb3 {[%clk 1:24:28]} Bd6
{[%clk 1:26:43]} 9. O-O {[%clk 1:18:36]} Nge7 {[%clk 1:26:23]} 10. Re1
{[%clk 1:12:37]} O-O {[%clk 1:26:15]} 11. Nf1 {[%clk 1:12:56]} a6
{[%clk 1:23:20]} 12. c3 {[%clk 1:10:50]} Bf5 {[%clk 1:22:17]} 13. Bd3
{[%clk 1:10:47]} Bxd3 {[%clk 1:13:36]} 14. Qxd3 {[%clk 1:11:14]} Rc8
{[%clk 1:10:36]} 15. Bd2 {[%clk 1:00:27]} Qd7 {[%clk 1:07:48]} 16. Nfg3
{[%clk 0:55:35]} Rfe8 {[%clk 1:02:17]} 17. Qf3 {[%clk 0:49:27]} Nd8
{[%clk 0:52:55]} 18. Nc1 {[%clk 0:46:17]} Ne6 {[%clk 0:42:56]} 19. Nh5
{[%clk 0:40:02]} Ng6 {[%clk 0:40:02]} 20. Nd3 {[%clk 0:40:28]} Qd8
{[%clk 0:24:36]} 21. g3 {[%clk 0:37:36]} Bb8 {[%clk 0:22:34]} 22. Nb4
{[%clk 0:34:52]} Ne7 {[%clk 0:21:08]} 23. Qg4 {[%clk 0:32:57]} Ng6
{[%clk 0:20:34]} 24. f4 {[%clk 0:29:57]} a5 {[%clk 0:04:11]} 25. Nd3
{[%clk 0:29:38]} f5 {[%clk 0:03:52]} 26. Qxf5 {[%clk 0:26:22]} Qd7
{[%clk 0:03:53]} 27. Rxa5 {[%clk 0:21:03]} Rcd8 28. Qg4 {[%clk 0:21:31]} b6
{[%clk 0:03:02]} 29. Raa1 {[%clk 0:20:34]} Nc5 {[%clk 0:02:17]} 30. Qxd7 Nxd7
{[%clk 0:02:43]} 31. Nb4 {[%clk 0:19:30]} Ne7 {[%clk 0:02:47]} 32. g4
{[%clk 0:19:20]} Bd6 33. Nd3 {[%clk 0:19:39]} g6 {[%clk 0:03:03]} 34. Ng3
{[%clk 0:15:23]} Nc6 {[%clk 0:03:43]} 35. Rxe8+ {[%clk 0:15:36]} Rxe8
{[%clk 0:03:46]} 36. Ne5 Ndxe5 37. fxe5 {[%clk 0:15:52]} Be7 {[%clk 0:03:57]} 38.
Ra6 {[%clk 0:14:50]} Bd8 {[%clk 0:04:20]} 39. b4 {[%clk 0:14:21]} Kf7
{[%clk 0:03:54]} 40. Ne2 {[%clk 0:44:38]} Ke6 {[%clk 0:34:03]} 41. Nf4+
{[%clk 0:44:52]} Kd7 {[%clk 0:34:09]} 42. Nxd5 {[%clk 0:44:55]} Kc8
{[%clk 0:33:46]} 43. Ra1 {[%clk 0:41:31]} Rf8 {[%clk 0:33:27]} 44. Kg2
{[%clk 0:41:19]} g5 {[%clk 0:33:32]} 45. Be3 {[%clk 0:41:11]} b5 {[%clk 0:33:48]}
46. c4 {[%clk 0:40:48]} bxc4 {[%clk 0:34:12]} 47. Rc1 {[%clk 0:41:02]} Kd7
{[%clk 0:34:21]} 48. Rxc4 {[%clk 0:41:02]} h6 {[%clk 0:34:45]} 49. b5
{[%clk 0:39:22]} Na5 {[%clk 0:35:06]} 50. Ra4 {[%clk 0:39:40]} Ke6
{[%clk 0:35:04]} 51. Nc3 {[%clk 0:39:35]} Rf7 {[%clk 0:35:17]} 52. b6
{[%clk 0:37:34]} Nb7 {[%clk 0:35:32]} 53. Rb4 {[%clk 0:34:26]} Na5
{[%clk 0:35:48]} 54. Ne4 {[%clk 0:34:21]} Kd5 {[%clk 0:35:42]} 55. Nd6
{[%clk 0:34:30]} 1-0

[Event "ewcc-2015"]
[Site "Chakvi. Adjara"]
[Date "2015.05.23"]
[Round "5.35"]
[White "Ghukasyan, Siranush"]
[Black "Belenkaya, Dina"]
[Result "1/2-1/2"]
[LiveChessVersion "1.3.1"]
[BlackElo "2235"]
[WhiteElo "2100"]

1. e4 {[%clk 1:30:58]} c6 {[%clk 1:30:49]} 2. d4 {[%clk 1:31:24]} d5
{[%clk 1:31:14]} 3. Nc3 {[%clk 1:31:44]} dxe4 {[%clk 1:31:33]} 4. Nxe4
{[%clk 1:32:09]} Bf5 {[%clk 1:31:54]} 5. Ng3 {[%clk 1:32:30]} Bg6
{[%clk 1:32:20]} 6. h4 {[%clk 1:32:56]} h6 {[%clk 1:32:44]} 7. h5
{[%clk 1:33:22]} Bh7 {[%clk 1:33:10]} 8. Nf3 {[%clk 1:33:42]} Nd7
{[%clk 1:33:32]} 9. Bd3 {[%clk 1:34:08]} Bxd3 {[%clk 1:33:58]} 10. Qxd3
{[%clk 1:34:32]} e6 {[%clk 1:34:15]} 11. Bd2 {[%clk 1:34:55]} Ngf6
{[%clk 1:34:36]} 12. O-O-O {[%clk 1:35:19]} Be7 {[%clk 1:35:01]} 13. Ne4
{[%clk 1:35:44]} Nxe4 {[%clk 1:33:51]} 14. Qxe4 {[%clk 1:36:04]} Nf6
{[%clk 1:34:18]} 15. Qe2 {[%clk 1:36:22]} Qd5 {[%clk 1:34:44]} 16. c4
{[%clk 1:36:45]} Qe4 {[%clk 1:34:59]} 17. Qxe4 {[%clk 1:36:59]} Nxe4
{[%clk 1:35:25]} 18. Be3 {[%clk 1:37:23]} Nd6 {[%clk 1:33:53]} 19. b3
{[%clk 1:35:42]} b5 {[%clk 1:25:32]} 20. Ne5 {[%clk 1:29:56]} Rc8
{[%clk 1:13:25]} 21. Kc2 {[%clk 1:24:56]} Bf6 {[%clk 1:09:04]} 22. Kd3
{[%clk 1:18:57]} Ke7 {[%clk 1:05:38]} 23. Rc1 {[%clk 0:54:08]} c5
{[%clk 0:47:34]} 24. dxc5 {[%clk 0:46:57]} Nf5 {[%clk 0:46:26]} 25. Nf3
{[%clk 0:43:53]} Rhd8+ {[%clk 0:44:35]} 26. Ke2 {[%clk 0:43:53]} Nxe3
{[%clk 0:42:50]} 27. Kxe3 {[%clk 0:40:35]} b4 {[%clk 0:39:33]} 28. Rhd1
{[%clk 0:38:24]} Rxd1 {[%clk 0:35:53]} 29. Rxd1 {[%clk 0:29:59]} Rxc5
{[%clk 0:36:19]} 30. g4 {[%clk 0:29:56]} Ra5 {[%clk 0:26:55]} 31. Rd2
{[%clk 0:28:19]} g6 {[%clk 0:26:47]} 32. hxg6 {[%clk 0:26:58]} fxg6
{[%clk 0:27:11]} 33. Nd4 {[%clk 0:26:01]} Rc5 {[%clk 0:08:58]} 34. f4
{[%clk 0:11:17]} h5 {[%clk 0:08:20]} 35. g5 {[%clk 0:08:36]} Bxd4+
{[%clk 0:06:35]} 36. Kxd4 {[%clk 0:07:21]} Rf5 {[%clk 0:04:56]} 37. Ke4
{[%clk 0:06:12]} Ra5 {[%clk 0:02:12]} 38. Re2 {[%clk 0:03:47]} Kd6
{[%clk 0:02:10]} 39. Rd2+ {[%clk 0:04:07]} Ke7 {[%clk 0:02:16]} 40. Re2
{[%clk 0:34:31]} Rc5 {[%clk 0:31:17]} 41. Rd2 {[%clk 0:21:27]} Rf5
{[%clk 0:30:41]} 42. Rd3 {[%clk 0:09:09]} Rf8 {[%clk 0:13:53]} 43. a3
{[%clk 0:07:11]} a5 {[%clk 0:11:44]} 44. axb4 {[%clk 0:07:34]} axb4
{[%clk 0:12:11]} 45. Rd1 {[%clk 0:06:08]} Ra8 {[%clk 0:12:29]} 46. c5
{[%clk 0:05:05]} Ra3 {[%clk 0:12:00]} 47. Rd3 {[%clk 0:04:20]} Ra1
{[%clk 0:09:54]} 48. c6 {[%clk 0:03:40]} Re1+ {[%clk 0:09:50]} 49. Kf3
{[%clk 0:04:04]} e5 {[%clk 0:03:52]} 50. Rd7+ {[%clk 0:01:05]} Ke6
{[%clk 0:04:06]} 51. Rg7 {[%clk 0:01:04]} exf4 {[%clk 0:03:34]} 52. Kxf4
{[%clk 0:00:52]} Rf1+ {[%clk 0:03:23]} 53. Ke4 {[%clk 0:01:20]} Re1+
{[%clk 0:03:27]} 54. Kf4 {[%clk 0:00:42]} Rf1+ {[%clk 0:03:35]} 55. Ke3
{[%clk 0:01:08]} Rc1 {[%clk 0:03:14]} 56. Kf4 {[%clk 0:00:38]} Rf1+
{[%clk 0:03:23]} 57. Ke4 Ke5+ 1/2-1/2

[Event "ewcc-2015"]
[Site "Chakvi. Adjara"]
[Date "2015.05.24"]
[Round "6.8"]
[White "Kashlinskaya, Alina"]
[Black "Socko, Monika"]
[Result "1/2-1/2"]
[LiveChessVersion "1.3.1"]
[BlackElo "2467"]
[WhiteElo "2423"]

1. d4 {[%clk 1:30:58]} Nf6 {[%clk 1:30:45]} 2. c4 {[%clk 1:31:21]} e6
{[%clk 1:31:10]} 3. Nc3 {[%clk 1:31:47]} c5 {[%clk 1:31:36]} 4. d5
{[%clk 1:32:04]} exd5 {[%clk 1:31:59]} 5. cxd5 {[%clk 1:32:29]} d6
{[%clk 1:32:23]} 6. e4 {[%clk 1:30:39]} g6 {[%clk 1:32:32]} 7. f4
{[%clk 1:30:58]} Bg7 {[%clk 1:32:55]} 8. Bb5+ {[%clk 1:31:13]} Nfd7
{[%clk 1:33:17]} 9. Nf3 {[%clk 1:31:12]} O-O {[%clk 1:31:23]} 10. O-O
{[%clk 1:31:37]} Na6 {[%clk 1:27:07]} 11. f5 {[%clk 1:20:05]} Nc7
{[%clk 1:20:50]} 12. Bxd7 {[%clk 1:15:37]} Bxd7 {[%clk 1:20:00]} 13. Bf4
{[%clk 1:02:31]} Nb5 {[%clk 1:15:50]} 14. Ne2 {[%clk 0:54:37]} Re8
{[%clk 1:06:20]} 15. fxg6 {[%clk 0:45:15]} fxg6 {[%clk 1:04:17]} 16. Bg5
{[%clk 0:36:59]} Qb6 {[%clk 1:01:26]} 17. a4 {[%clk 0:34:30]} Nd4
{[%clk 0:56:58]} 18. Nexd4 {[%clk 0:31:48]} cxd4 {[%clk 0:56:24]} 19. a5
{[%clk 0:23:36]} Qb4 {[%clk 0:53:32]} 20. Bd2 {[%clk 0:23:44]} Qb5
{[%clk 0:49:01]} 21. Qe1 {[%clk 0:23:14]} Bf5 {[%clk 0:30:00]} 22. Ng5
{[%clk 0:21:48]} h6 {[%clk 0:27:53]} 23. Rxf5 {[%clk 0:20:44]} gxf5
{[%clk 0:28:19]} 24. Ne6 {[%clk 0:21:09]} Rxe6 {[%clk 0:27:49]} 25. dxe6
{[%clk 0:21:38]} Re8 {[%clk 0:27:25]} 26. exf5 {[%clk 0:17:55]} Qxf5
{[%clk 0:27:49]} 27. Qg3 {[%clk 0:17:56]} Rxe6 {[%clk 0:26:13]} 28. Rf1
{[%clk 0:18:23]} Qg6 {[%clk 0:26:40]} 29. Qb3 {[%clk 0:17:34]} Kh7
{[%clk 0:26:46]} 30. Qxb7 {[%clk 0:17:45]} Re2 {[%clk 0:26:43]} 31. Rf2
{[%clk 0:13:39]} Qb1+ {[%clk 0:22:42]} 32. Rf1 {[%clk 0:14:08]} Qc2
{[%clk 0:21:19]} 33. Bb4 {[%clk 0:14:06]} Qxb2 {[%clk 0:20:14]} 34. Qf3
{[%clk 0:11:51]} Re6 {[%clk 0:19:36]} 35. Qd3+ {[%clk 0:11:42]} Rg6
{[%clk 0:17:57]} 36. Bd2 {[%clk 0:12:07]} Qb7 {[%clk 0:17:35]} 37. Rf3
{[%clk 0:11:17]} d5 {[%clk 0:09:23]} 38. Rg3 {[%clk 0:06:40]} Qa6
{[%clk 0:09:41]} 39. Qb1 {[%clk 0:06:35]} Qe6 {[%clk 0:09:26]} 40. Rxg6
{[%clk 0:35:22]} Qxg6 {[%clk 0:39:55]} 41. Qxg6+ {[%clk 0:32:56]} Kxg6
{[%clk 0:39:09]} 42. Kf2 {[%clk 0:31:46]} Kf5 {[%clk 0:27:20]} 43. Kf3
{[%clk 0:32:03]} h5 {[%clk 0:27:45]} 44. h3 {[%clk 0:26:08]} a6 {[%clk 0:20:59]}
45. g4+ {[%clk 0:26:22]} hxg4+ {[%clk 0:21:08]} 46. hxg4+ {[%clk 0:26:48]} Ke5
{[%clk 0:21:31]} 47. Bf4+ {[%clk 0:26:25]} Ke6 {[%clk 0:21:45]} 48. Ke4 Ke5+
1/2-1/2

[Event "ewcc-2015"]
[Site "Chakvi. Adjara"]
[Date "2015.05.24"]
[Round "6.17"]
[White "Kursova, Maria"]
[Black "Arakhamia-Grant, Ketevan"]
[Result "1/2-1/2"]
[LiveChessVersion "1.3.1"]
[BlackElo "2393"]
[WhiteElo "2267"]

1. d4 {[%clk 1:30:57]} Nf6 {[%clk 1:30:53]} 2. Nf3 {[%clk 1:31:21]} d5
{[%clk 1:31:03]} 3. c4 {[%clk 1:31:31]} e6 {[%clk 1:31:19]} 4. Nc3
{[%clk 1:31:42]} Nbd7 {[%clk 1:31:32]} 5. cxd5 {[%clk 1:25:53]} exd5
{[%clk 1:31:51]} 6. Bg5 {[%clk 1:25:53]} h6 {[%clk 1:31:37]} 7. Bh4
{[%clk 1:25:32]} c6 {[%clk 1:31:09]} 8. e3 {[%clk 1:24:32]} Be7 {[%clk 1:31:17]}
9. Bd3 {[%clk 1:24:02]} O-O {[%clk 1:30:38]} 10. Qc2 {[%clk 1:20:05]} Re8
{[%clk 1:30:44]} 11. O-O {[%clk 1:19:56]} Ne4 {[%clk 1:30:07]} 12. Bxe7
{[%clk 1:19:40]} Qxe7 {[%clk 1:30:31]} 13. Rab1 {[%clk 1:15:19]} Ng5
{[%clk 1:14:13]} 14. Nd2 {[%clk 1:10:14]} Nf6 {[%clk 1:13:27]} 15. b4
{[%clk 0:59:53]} a6 {[%clk 1:11:41]} 16. a4 {[%clk 0:46:32]} Bd7 {[%clk 1:08:12]}
17. Nb3 {[%clk 0:36:05]} Qd6 {[%clk 1:00:46]} 18. Be2 {[%clk 0:22:54]} Bg4
{[%clk 0:39:23]} 19. Nc5 {[%clk 0:21:26]} Re7 {[%clk 0:38:54]} 20. Rfe1
{[%clk 0:14:20]} Rae8 {[%clk 0:37:33]} 21. Rb2 {[%clk 0:12:34]} h5
{[%clk 0:33:54]} 22. Qd1 {[%clk 0:07:39]} g6 {[%clk 0:15:30]} 23. Nd3
{[%clk 0:03:56]} Bxe2 {[%clk 0:15:09]} 24. Nxe2 {[%clk 0:04:17]} Ng4
{[%clk 0:15:10]} 25. Ng3 {[%clk 0:04:20]} f5 {[%clk 0:02:52]} 26. Nf1
{[%clk 0:04:37]} Kg7 {[%clk 0:02:57]} 27. b5 {[%clk 0:03:11]} axb5
{[%clk 0:03:19]} 28. axb5 {[%clk 0:03:38]} h4 {[%clk 0:03:25]} 29. h3
{[%clk 0:03:57]} Nf6 {[%clk 0:03:26]} 30. bxc6 {[%clk 0:04:18]} bxc6
{[%clk 0:03:08]} 31. Qc2 {[%clk 0:03:40]} Nge4 {[%clk 0:03:11]} 32. Rc1
{[%clk 0:03:42]} Rc7 {[%clk 0:02:02]} 33. Rb6 {[%clk 0:03:55]} Rec8
{[%clk 0:01:52]} 34. Qa4 {[%clk 0:02:25]} Nd7 {[%clk 0:02:02]} 35. Ra6
{[%clk 0:02:49]} Qf6 {[%clk 0:00:46]} 36. Nb4 {[%clk 0:01:46]} Qd6
{[%clk 0:00:55]} 37. Raxc6 {[%clk 0:01:35]} Rxc6 {[%clk 0:00:43]} 38. Rxc6
{[%clk 0:02:03]} Rxc6 {[%clk 0:00:49]} 39. Qxc6 {[%clk 0:02:11]} Qxb4
{[%clk 0:00:37]} 40. Qxd7+ {[%clk 0:32:37]} Kh6 {[%clk 0:30:45]} 41. Qd8
{[%clk 0:24:40]} Kg7 {[%clk 0:28:57]} 42. f3 {[%clk 0:20:25]} Nf6
{[%clk 0:27:52]} 43. Qc7+ {[%clk 0:20:44]} Kg8 {[%clk 0:23:18]} 44. Qf4
{[%clk 0:16:11]} Qe1 {[%clk 0:21:44]} 45. g3 {[%clk 0:13:42]} hxg3
{[%clk 0:19:03]} 46. Qxg3 {[%clk 0:14:08]} Qxg3+ {[%clk 0:19:02]} 47. Nxg3
{[%clk 0:14:36]} Kf7 {[%clk 0:19:11]} 48. h4 {[%clk 0:13:22]} Ke6
{[%clk 0:16:38]} 49. Kf2 {[%clk 0:13:29]} Kd6 {[%clk 0:16:12]} 50. Ne2
{[%clk 0:12:02]} Nh5 {[%clk 0:15:31]} 51. Nc1 {[%clk 0:11:07]} Ke6
{[%clk 0:13:36]} 52. Nd3 {[%clk 0:11:17]} Kf6 {[%clk 0:13:37]} 53. Ne5
{[%clk 0:08:58]} g5 {[%clk 0:11:47]} 54. Nd7+ {[%clk 0:08:49]} Kg6
{[%clk 0:07:22]} 55. hxg5 {[%clk 0:07:43]} Kxg5 {[%clk 0:07:44]} 56. Kg2
{[%clk 0:07:39]} Kh4 {[%clk 0:07:00]} 57. Ne5 {[%clk 0:05:11]} Kg5
{[%clk 0:05:12]} 58. Kh3 {[%clk 0:05:20]} Nf6 {[%clk 0:05:02]} 59. Nd3
{[%clk 0:04:26]} Nh5 {[%clk 0:04:42]} 60. Nc5 {[%clk 0:03:51]} Ng7
{[%clk 0:03:56]} 61. Nd7 {[%clk 0:02:56]} Ne6 {[%clk 0:03:22]} 62. f4+
{[%clk 0:02:15]} Kg6 {[%clk 0:02:40]} 63. Nb6 {[%clk 0:02:14]} Nc7
{[%clk 0:03:06]} 64. Kh4 {[%clk 0:02:38]} Kh6 {[%clk 0:03:14]} 65. Nc8
{[%clk 0:02:57]} Kg6 {[%clk 0:03:29]} 66. Kg3 {[%clk 0:01:52]} Kf6
{[%clk 0:03:48]} 67. Kh3 {[%clk 0:02:12]} Nb5 {[%clk 0:03:53]} 68. Kh4
{[%clk 0:02:23]} Nc3 {[%clk 0:03:56]} 69. Kh5 {[%clk 0:01:25]} Nd1
{[%clk 0:03:13]} 70. Nb6 {[%clk 0:01:30]} Nxe3 {[%clk 0:03:22]} 71. Nd7+
{[%clk 0:01:42]} Ke6 {[%clk 0:02:27]} 72. Nc5+ {[%clk 0:02:03]} Kf6
{[%clk 0:02:51]} 73. Nd7+ {[%clk 0:01:23]} Ke5 1/2-1/2